BIBLIOTECA PODER JUDICIAL
Portal Judicial TDF

Reflexiones sobre el desarrollo de centro de estudiantes y de la permanencia de internos en espacios de estudio en el ámbito carcelario. A propósito de la res. 372/2025 del Ministerio de Seguridad de la Nación / (Registro nro. 5589)

000 -LEADER
fixed length control field 01332nab a22002537a 4500
003 - CONTROL NUMBER IDENTIFIER
control field OSt
005 - DATE AND TIME OF LATEST TRANSACTION
control field 20251219121527.0
008 - FIXED-LENGTH DATA ELEMENTS--GENERAL INFORMATION
fixed length control field 190429b xxu||||| |||| 00| 0 spa d
040 ## - CATALOGING SOURCE
Transcribing agency PJ
100 ## - MAIN ENTRY--PERSONAL NAME
9 (RLIN) 6567
Personal name Geraghty Fleming, Gaspar
245 10 - TITLE STATEMENT
Title Reflexiones sobre el desarrollo de centro de estudiantes y de la permanencia de internos en espacios de estudio en el ámbito carcelario. A propósito de la res. 372/2025 del Ministerio de Seguridad de la Nación /
Statement of responsibility, etc Gaspar Geraghty Fleming.
260 ## - PUBLICATION, DISTRIBUTION, ETC. (IMPRINT)
Date of publication, distribution, etc Ciudad Autónoma de Buenos Aires :
Place of publication, distribution, etc Thomson Reuters La Ley,
Name of publisher, distributor, etc 2025.
300 ## - PHYSICAL DESCRIPTION
Extent p. 48-59
500 ## - GENERAL NOTE
General note Cita: AR/DOC/1344/2025.
505 ## - FORMATTED CONTENTS NOTE
Formatted contents note Sumario: I. Introducción.— II. Análisis de la res. 372/2025.— III. Argumentos en contra de la resolución.— IV. Decisión judicial dictada tras la controversia. — V. Reflexiones finales.
505 ## - FORMATTED CONTENTS NOTE
Title Si te interesa el texto completo, solicitalo a koha@justierradelfuego.gov.ar
650 #0 - SUBJECT ADDED ENTRY--TOPICAL TERM
9 (RLIN) 343
Topical term or geographic name as entry element DERECHO PENAL
650 #0 - SUBJECT ADDED ENTRY--TOPICAL TERM
9 (RLIN) 2082
Topical term or geographic name as entry element HÁBEAS CORPUS
650 #0 - SUBJECT ADDED ENTRY--TOPICAL TERM
9 (RLIN) 615
Topical term or geographic name as entry element DERECHOS Y GARANTIAS CONSTITUCIONALES
650 #0 - SUBJECT ADDED ENTRY--TOPICAL TERM
9 (RLIN) 3181
Topical term or geographic name as entry element PRISIÓN
650 #0 - SUBJECT ADDED ENTRY--TOPICAL TERM
9 (RLIN) 3020
Topical term or geographic name as entry element READAPTACIÓN DEL CONDENADO
773 0# - HOST ITEM ENTRY
Host Biblionumber 2658
Host Itemnumber 3164
Title Revista de derecho penal y criminología. Nº 6 - Julio 2025
Place, publisher, and date of publication Ciudad Autónoma de Buenos Aires : Thomson Reuters La Ley, 2017-
International Standard Serial Number 00347914
942 ## - ADDED ENTRY ELEMENTS (KOHA)
Source of classification or shelving scheme
Koha item type Analítica Artículo de Revista

No hay ítems disponibles.

12 de Octubre 789 Ushuaia - Tel:  54(02901)441571
Horario de Atención: 8.00 a 17.00 hs. 
bibliotecaush@justierradelfuego.gov.ar
koha@justierradelfuego.gov.ar
Seguinos en nuestras redes @bibliojustdf 

Con tecnología Koha